• 首页
  • 本馆介绍
  • 公告通知
  • 最新文献
  • 馆藏检索
  • 电子资源
  • 读者导购
  • 参考咨询
  • 我的图书馆
  • 登录
  • 详细信息显示
  • 放入我的书架
  • 预约/预借图书
  • 作者相关作品
  • 分类相关作品
  • 丛书相关作品
  • 出版社相关作品

书目信息

  • 表格格式
  • 工作单格式
  • 卡片格式
题名:
中国少数民族传统体育文化生态学研究
    
 
作者: 张涛 著
分册:  
出版信息: 北京   中央民族大学出版社  2008.12
页数: 265页
开本: 21cm
丛书名:
单 册:
中图分类: G852.9
科图分类:
主题词: 少数民族--民族形式体育--文化生态学--研究--中国 , 少数民族 , 民族形式体育 , 文化生态学
电子资源:
ISBN: 978-7-81108-579-2
000 00919nam0 2200265 45
001 1138411516
005 20110419100323.67
010    @a978-7-81108-579-2@dCNY20.00
100    @a20110409e2008 em y0chiy0110 ea
101 0  @achi
102    @aCN@b110000
105    @ay z 000yy
106    @ar
200 1  @a中国少数民族传统体育文化生态学研究@AZhong Guo Shao Shu Min Zu Chuan Tong Ti Yu Wen Hua Sheng Tai Xue Yan Jiu@f张涛著@FZhang Tao Zhu
210    @a北京@c中央民族大学出版社@d2008.12
215    @a265页@d21cm
330    @a本书作者借鉴人类学、民族学的理论与方法,对少数民族传统体育进行文化生态学研究,将会对体育文化研究大有裨益。
606 0  @a少数民族@x民族形式体育@x文化生态学@x研究@y中国
606 0  @a少数民族
606 0  @a民族形式体育
606 0  @a文化生态学
690    @aG852.9@v4
701  0 @c(回)@a张涛@AZhang Tao@f(1965~)@4著
801  0 @aCN@bTANGWEI@c20110419
905    @b0535451@dG852.9@e268@f1
    
    中国少数民族传统体育文化生态学研究/张涛著.-北京:中央民族大学出版社,2008.12
    265页;21cm
    
    
    ISBN 978-7-81108-579-2:CNY20.00
    本书作者借鉴人类学、民族学的理论与方法,对少数民族传统体育进行文化生态学研究,将会对体育文化研究大有裨益。
●
相关链接 在E读中查询图书 在五车中查询图书 在当当中查询图书 在豆瓣中查询图书


正题名:中国少数民族传统体育文化生态学研究     索取号:G852.9/268         预约/预借

序号 登录号 条形码 馆藏地/架位号 状态 备注
1 0535451   205354515   第一样本阅览室/ [索取号:G852.9/268] 在馆    
唐山师范学院图书馆 欢迎您!
大连网信软件有限公司© 版权所有